| 000 -LEADER |
| fixed length control field |
00523nam a22000977a 4500 |
| 008 - FIXED-LENGTH DATA ELEMENTS--GENERAL INFORMATION |
| fixed length control field |
170417b xxu||||| |||| 00| 0 eng d |
| 100 ## - MAIN ENTRY--AUTHOR'S NAME |
| Author's Name |
Barata, Paulo |
| 245 ## - TITLE STATEMENT |
| Title |
Spain revenues : national - provincial - municipal - corporative - colonial |
| 260 ## - PUBLICATION, DISTRIBUTION, ETC. (IMPRINT) |
| Place of publication, distribution, etc. |
[Lisbon], Portugal |
| Name of publisher, distributor, etc. |
Publifil |
| Date of publication, distribution, etc. |
1991 |
| 650 ## - TOPICAL TERM (Tag) |
| Topical term or geographic name |
Spain | Spanish Colonies | Revenues | Catalogs and Price Lists | Cinderella Material | Cuba (1873-) | Antilles (1855-1873) | Philippines | Puerto Rico | Spanish Guinea (1901-1960) | Spanish Morocco (1914-1956) | Morocco (1956-) |